Postup pri poskytovaní štátnej podpory prostredníctvom Štátneho fondu rozvoja bývania v roku 2015

Poskytovanie štátnej podpory Štátnym fondom rozvoja bývania sa riadi legislatívnymi predpismi. Základné náležitosti žiadosti o poskytnutie štátnej podpory. Posúdenie žiadosti Štátnym fondom rozvoja bývania.

Saved in:
Bibliographic Details
Main Author: Brindzová, Zuzana
Format: Book Chapter
Language:Slovak
Subjects:
Tags: Add Tag
No Tags, Be the first to tag this record!

MARC

LEADER 00000nla a2200000 4500
001 0198568
005 20240502073345.0
041 0 |a slo 
044 |a SK 
245 1 0 |a Postup pri poskytovaní štátnej podpory prostredníctvom Štátneho fondu rozvoja bývania v roku 2015  |c Zuzana Brindzová 
520 |a Poskytovanie štátnej podpory Štátnym fondom rozvoja bývania sa riadi legislatívnymi predpismi. Základné náležitosti žiadosti o poskytnutie štátnej podpory. Posúdenie žiadosti Štátnym fondom rozvoja bývania. 
610 2 0 |a podpora štátna 
610 2 0 |a byty 
610 2 0 |a bývanie 
610 2 0 |a fondy štátne 
100 1 |a Brindzová, Zuzana